Measuring economic benefits for water investments and policies / (Record no. 34874)

MARC details
000 -LEADER
fixed length control field 01033cam a2200265 a 4500
001 - CONTROL NUMBER
control field 3999265
003 - CONTROL NUMBER IDENTIFIER
control field OSt
005 - DATE AND TIME OF LATEST TRANSACTION
control field 20220415143304.0
008 - FIXED-LENGTH DATA ELEMENTS--GENERAL INFORMATION
fixed length control field 960802s1996 dcu b i000 0 eng
010 ## - LIBRARY OF CONGRESS CONTROL NUMBER
LC control number 96034710
020 ## - INTERNATIONAL STANDARD BOOK NUMBER
International Standard Book Number 0821337459 (pbk.)
040 ## - CATALOGING SOURCE
Original cataloging agency DLC
Transcribing agency HU
Modifying agency DLC
050 00 - LIBRARY OF CONGRESS CALL NUMBER
Classification number HD1691
Item number .Y68 1996
082 00 - DEWEY DECIMAL CLASSIFICATION NUMBER
Classification number 333.91/001/51
Edition number 20
100 1# - MAIN ENTRY--PERSONAL NAME
Personal name Young, Robert A.
Fuller form of name (Robert Alton),
Dates associated with a name 1931-2013.
9 (RLIN) 22470
245 10 - TITLE STATEMENT
Title Measuring economic benefits for water investments and policies /
Statement of responsibility, etc. Robert A. Young.
260 ## - PUBLICATION, DISTRIBUTION, ETC.
Place of publication, distribution, etc. Washington, DC :
Name of publisher, distributor, etc. The World Bank,
Date of publication, distribution, etc. 1996.
300 ## - PHYSICAL DESCRIPTION
Extent xvi, 118 p. ;
Dimensions 28 cm.
440 #0 - SERIES STATEMENT/ADDED ENTRY--TITLE
Title World Bank technical paper,
International Standard Serial Number 0253-7494 ;
Volume/sequential designation no. 338
9 (RLIN) 7138
504 ## - BIBLIOGRAPHY, ETC. NOTE
Bibliography, etc. note Includes bibliographical references (p. 104-118).
650 #0 - SUBJECT ADDED ENTRY--TOPICAL TERM
Topical term or geographic name entry element Water resources development
General subdivision Economic aspects
-- Mathematical models.
9 (RLIN) 36039
906 ## - LOCAL DATA ELEMENT F, LDF (RLIN)
a 7
b cbc
c orignew
d 1
e ocip
f 19
g y-gencatlg
942 ## - ADDED ENTRY ELEMENTS (KOHA)
Source of classification or shelving scheme Dewey Decimal Classification
Koha item type Books like text book referance book
Suppress in OPAC No
Holdings
Withdrawn status Lost status Source of classification or shelving scheme Damaged status Not for loan Collection code Home library Current library Shelving location Date acquired Total Checkouts Full call number Barcode Date last seen Copy number Price effective from Koha item type
    Dewey Decimal Classification     Reference Wondo Genet Library Wondo Genet Library General Stacks 04/15/2022   322.91`001`51 YOU 1996 WGCFNRL00019185 04/15/2022 1 04/15/2022 Books like text book referance book